Fish in the Answers - Statistics

General Stats
  • This quiz has been taken 34,453 times
    14,760 since last reset
  • The average score is 11 of 20
Answer Stats
Clue Answer % Correct
Nemo's species Clownfish
95%
To deceive someone using a fake profile on the internet Catfish
77%
Five-armed sea creature Starfish
76%
Supposedly has a short memory Goldfish
74%
Supplement rich in omega-3 fatty acids Fish oil
73%
Sea creature with stinging tentacles Jellyfish
73%
Old fashioned word for a person who sells fish Fishmonger
68%
Hotshot in a small pond Big fish
64%
Dish that was once commonly served in newspaper Fish and chips
62%
It's easy as shooting ... Fish in a barrel
60%
The Japanese call it fugu Pufferfish
54%
Close relative of the marlin, or a movie starring John Travolta Swordfish
53%
He starred as Morpheus in "The Matrix" Laurence Fishburne
47%
If you get whacked by the mob, then you ... {Sleep} {with} {the} {fishes}
45%
Relative of squids and octopus Cuttlefish
43%
Black and white striped fish often used in biomedical research Zebrafish
41%
What a fish uses to climb a dam Fish ladder
33%
Common name of the Ichthys symbol Jesus fish
27%
Class of fish which can breathe out of water Lungfish
19%
Universal translator from "Hitchhiker's Guide to the Galaxy" Babel Fish
18%
No matching quizzes found
Score Distribution
Percent of People with Each Score
Percentile by Number Answered
Your Score History
You have not taken this quiz since the last reset